| 000 | 00365nam a2200145Ia 4500 | ||
|---|---|---|---|
| 008 | 150201s1984 xx 000 0 und d | ||
| 082 |
_a617.6 _bC1984C |
||
| 100 | _aCIMANSONI | ||
| 245 | _aCREVICULAR FLUID UPDATED | ||
| 250 | _a1ST | ||
| 260 |
_bKARGER PUBLISHING _aBASEL (SWIT ZERLAND) _c1984 |
||
| 300 | _a1-152 | ||
| 650 | _aGENERAL DENTISTRY | ||
| 942 |
_2ddc _cBK |
||
| 999 |
_c4566 _d4566 |
||